La comprensión del sujeto humano en la cultura antigua

-д хадгалсан:
Номзүйн дэлгэрэнгүй
Үндсэн зохиолч: Mondolfo, Rodolfo (autor)
Формат: Ном
Хэл сонгох:испани
Хэвлэсэн: Buenos Aires EUDEBA 1968
Цуврал:Temas de EUDEBA, Filosofía
Нөхцлүүд:
Шошгууд: Шошго нэмэх
Шошго байхгүй, Энэхүү баримтыг шошголох эхний хүн болох!

MARC

LEADER 00000nam a2200000 a 4500
001 UCZ6477
003 CL-VaPUC
008 951211e19680000AG |||||||||||||||||spa|d
082 0 4 |a 180  |b MON  |2 21 
100 |a Mondolfo, Rodolfo  |e autor  |9 339183 
245 1 3 |a La comprensión del sujeto humano en la cultura antigua 
300 |a 460 p 
942 |c BK 
945 |d 19951211 00:00:00  |a cmena 
260 |a Buenos Aires  |b EUDEBA  |c 1968 
650 0 |a Filosofía antigua   |9 255705 
650 0 |a Historia  |9 255047 
650 0 |a Filosofía   |9 223554 
650 0 |a Teoría del conocimiento   |9 255038 
650 0 |a Conciencia  |9 309452 
650 0 |a Ética  |9 255099 
650 0 |a Creatividad   |9 310816 
583 |a last modification  |c 19951211 00:00:00  |k Rodrigo Vera 
490 0 |a Temas de EUDEBA, Filosofía 
999 |c 242676  |d 242674 
952 |0 0  |1 0  |4 0  |6 180_000000000000000_MON_1968  |7 0  |8 P  |9 255782  |a BIBEDU  |b BIBEDU  |c BIBEDU_PB  |d 2019-11-19  |i 1603256  |o 180 MON 1968  |p 1603256  |r 2024-01-25  |w 2019-11-19  |y BK  |k EDU 
952 |0 0  |1 0  |4 0  |6 180_000000000000000_MON_1968  |7 0  |8 A  |9 255783  |a BIBHIS  |b BIBHIS  |d 2019-11-19  |i 1331515  |o 180 MON 1968  |p 1331515  |r 2025-01-20  |w 2019-11-19  |y BK  |k HIS